Hellenism and homosexuality in Victorian Oxford
Αποθηκεύτηκε σε:
| Κύριος συγγραφέας: | |
|---|---|
| Μορφή: | Βιβλίο |
| Γλώσσα: | English |
| Δημοσίευση: |
New York :
Cornell University Press,
1994
|
| Θέματα: | |
| Ετικέτες: |
Προσθήκη ετικέτας
Δεν υπάρχουν, Καταχωρήστε ετικέτα πρώτοι!
|
MARC
| LEADER | 00000nam a2200000 i 4500 | ||
|---|---|---|---|
| 001 | 1/4003 | ||
| 008 | 960503s1994 eng d | ||
| 020 | |a 0-8014-2960-9 | ||
| 035 | |l 10015422 | ||
| 040 | |a GR-MY-UA |b gre |e aacr | ||
| 041 | 0 | |a eng | |
| 082 | 0 | |a 480.71141 | |
| 100 | 1 | |a Dowling, Linda C. |d 1944- | |
| 245 | 1 | 0 | |a Hellenism and homosexuality in Victorian Oxford / |c Linda Dowling |
| 260 | |a New York : |b Cornell University Press, |c 1994 | ||
| 300 | |a 173 p. |b ill. | ||
| 504 | |a Includes bibliographical references and index | ||
| 650 | 0 | 0 | |a English literature |y 19th century |x History and criticism. |
| 650 | 0 | 0 | |a Homosexuality and literature |z England |z Oxford |x History |y 19th century. |
| 650 | 0 | 0 | |a Greek philology |x Study and teaching |z England |z Oxford |x History |y 19th century. |
| 650 | 0 | 0 | |a Classicism |z England |z Oxford |x History |y 19th century. |
| 650 | 0 | 0 | |a Gay men |z England |z Oxford |x History |y 19th century. |
| 651 | 0 | |a Oxford (England) |x Social life and customs. | |
| 852 | |a INST |b LESVOS |e 19960503 |h 480.71141 DOW |p 005100010425 |q 005100010425 |t BK |y 0 | ||
| 909 | |a Λ |b 044986 | ||